00266pam a2200109 a 4500020000500000041000500005082001500010100001900025245006300044260003300107300001600140 c h a743.6bPAL aDandi Palmer . aHow to Draw Dinosaurs in Simple Steps hTextual Documents a[s.l]:bSearch Press,c2012. a31:bpaper.